| 000 | 01194nam a22002537a 4500 | ||
|---|---|---|---|
| 005 | 20101206113148.0 | ||
| 008 | 101206t xxu||||| |||| 00| 0 hin d | ||
| 010 | _aHIN-91412 | ||
| 020 |
_c125.00 _a9788128831225 |
||
| 035 | _aHN-63758 | ||
| 037 | _bDBAD/PUB | ||
| 040 |
_aDPL _bHN |
||
| 100 |
_924598 _aदलीप सिंह |
||
| 245 |
_aकार्यस्थल पर भावनात्मक बुद्धिमत्ताः _cदलीप सिंह _bएक व्यवसायिक निर्देशिका / |
||
| 246 |
_aKaryasthal par Bhawanatmak Buddhimatta _bby Dalip Singh |
||
| 260 |
_aनई दिल्ली _bडायमंड पॉकेट बुक्स _c2010 |
||
| 270 |
_bनई दिल्ली _aX-30, ओखला इंडस्ट्रियल एरिया, फेज-11 _e110020 _k011- 41611861 _l011- 41611866 _msales@dpb.in |
||
| 300 |
_a176पृ. _c22सेमी (अजिल्द) |
||
| 650 | _91169 | ||
| 700 | _924599 | ||
| 700 | _924924 | ||
| 942 |
_2ddc _cHN _mदलीप |
||
| 999 |
_c49581 _d49581 |
||